000 00538nam a22001817a 4500
003 CEME
005 20210628203350.0
008 210305b xxu||||| |||| 00| 0 eng d
020 _a0-521-43680-X
040 _c.
082 _a425 MUR
100 _aMurphy, Raymond
_963908
245 _aEnglish grammar in use, a self study reference and practice book for intermdiate students with answers
260 _aNEW YORK
_bCAMBRIDGE UNIVERSITY PRESS
_c2002
300 _aX,350P
650 _aENGLISH GRAMMAR IN USE
_963909
942 _cBK
_2ddc
999 _c573342
_d573342